000 00856nam a2200265Ia 4500
003 OSt
005 20220926012147.0
006 a|||||r|||| 00| 0
007 ta
008 220923b |||||||| |||| 00| 0 eng d
020 _a9781782385691
_c4983.00
037 _b49973, 28/02/2017, Segment Book Distributors
_cGeneral Book
040 _aRTL
_cRTL
_beng
041 _2eng
_aeng
082 _aY70aX, Q5
100 _aGUDEMAN Stephen
_9291107
245 0 _aEconomy and ritual
_b Studies of postsocialist transformations
260 _aNew York
_bBerghahn
_c2015
300 _avi,204p
_ccm.
500 _aBibliography: 174-177p.
650 _aSociology
700 _a HANN chris
_9315666
942 _hY70aX, Q5
_cGB
_2CC
999 _c621934
_d621934